| 000 | 00798nam a22002057a 4500 | ||
|---|---|---|---|
| 999 |
_c6205 _d6205 |
||
| 003 | AR-CdUCM | ||
| 008 | 190313b ||||| |||| 00| 0 spa d | ||
| 040 |
_aMUNICIPALIDAD PROVINCIAL DEL CUSCO _cBIBLIOTECA MUNICIPAL DEL CUSCO |
||
| 082 |
_a320.94 / _bM26A |
||
| 100 |
_aMariátegui, José Carlos _92478 |
||
| 245 | _a25 años de sucesos extranjeros / | ||
| 260 |
_aLima : _bPalabra, _c1945. |
||
| 300 |
_a30 páginas ; _c24.5 cm. |
||
| 500 | _aDonación familia Nieto | ||
| 505 | _aContenido: 1905-1914 Europa pre-bélica -- 1914-1918: la gran guerra -- Revolución rusa -- La revolución alemana -- El fascismo en Italia -- La revolución china ... | ||
| 650 |
_aMéxico -Historia -Revolución _917902 |
||
| 650 |
_aEuropa-Política y gobierno. _917903 |
||
| 942 |
_2ddc _cLIBROS |
||
| 945 | _aafb | ||